| 000 | 00556nam a2200229Ia 4500 | ||
|---|---|---|---|
| 003 | OSt | ||
| 005 | 20250703140019.0 | ||
| 008 | 210210b1991 xxu||||| |||| 00| 0 eng d | ||
| 020 | _a81 7040 332 4 | ||
| 040 | _cAL | ||
| 041 | _aEnglish | ||
| 082 | _a510 JAYC | ||
| 100 |
_aJayaram N R and others _939526 |
||
| 245 | _aCollege mathematics II B Sc | ||
| 250 | _a2 | ||
| 260 |
_aDelhi _bHimalaya Publishing House _c1991 |
||
| 300 | _a564 | ||
| 650 |
_aBSc II year maths _939527 |
||
| 690 |
_aMathematics _939528 |
||
| 906 | _a046300 | ||
| 942 |
_2ddc _cBK |
||
| 999 |
_c95282 _d95282 |
||